000 00823nam a2200265 i 4500
001 18998
003 ES-MaACL
005 20230906151955.0
007 t|
008 020510s2001 sp a |||| | spa d
020 _a84-95599-17-1
080 _a392.8(460.11)(091)
100 1 _aCastro, Xavier.
_936900
245 1 0 _aAyunos y yantares
_b: usos y costumbres en la historia de la alimentación /
_cXavier Castro.
250 _a1ª ed.
260 _aMadrid :
_bNivola,
_c2001.
300 _a315 p. :
_bil. ;
_c24 cm.
490 1 _aCiencia abierta ;
_v3
504 _aBibliografía: p. 279-288.
650 1 4 _aHábitos alimentarios-
_zGalicia.
_9172402
650 4 _aAlimentación-
_zEspaña-
_vHistoria.
_9161013
830 1 _aCiencia abierta ;
_v3
_9180539
852 _aES-MaACL
_jL-25468
999 _c18998
_d18998